Bahadur Shah and the festival of flower-sellers / (Record no. 66394)

MARC details
000 -LEADER
fixed length control field 00917nam a22002297a 4500
005 - DATE AND TIME OF LATEST TRANSACTION
control field 20120509161328.0
008 - FIXED-LENGTH DATA ELEMENTS--GENERAL INFORMATION
fixed length control field 120509t xxu||||| |||| 00| 0 eng d
010 ## - LCCN (DPL NO)
LC control number ENG-105234
020 ## - INTERNATIONAL STANDARD BOOK NUMBER
International Standard Book Number 9788125046189
Terms of availability 250.00
035 ## - SYSTEM CONTROL NUMBER
System control number EN-88767
037 ## - SOURCE OF ACQUISITION
Source of stock number/acquisition DBAD/PUB
040 ## - CATALOGING SOURCE
Original cataloging agency DPL
Language of cataloging Eng
100 ## - MAIN ENTRY--PERSONAL NAME
9 (RLIN) 46516
Personal name Beg, Farhatullah
245 ## - TITLE STATEMENT
Title Bahadur Shah and the festival of flower-sellers /
Statement of responsibility, etc by Mirza Farhatullah Beg ; translated into English of Farhatukllah Beg's modern Urdu classic Bahadur Shah aur phool valon ki sair by Mohammed Zakir
260 ## - PUBLICATION, DISTRIBUTION, ETC. (IMPRINT)
Place of publication, distribution, etc New Delhi
Name of publisher, distributor, etc Orient Blackswan
Date of publication, distribution, etc 2012
270 ## - ADDRESS
Address 1/24 Asaf Ali Road
City New Delhi
Postal code 110002
300 ## - PHYSICAL DESCRIPTION
Extent xxi,75p.
Dimensions 22cm(pbk)
500 ## - GENERAL NOTE
General note Includes bibliographical references
700 ## - ADDED ENTRY--PERSONAL NAME
Personal name Mohammed Zakir
9 (RLIN) 46760
942 ## - ADDED ENTRY ELEMENTS (KOHA)
Source of classification or shelving scheme Dewey Decimal Classification
Item type English Books
Call number suffix BEG
Holdings
Withdrawn status Lost status Source of classification or shelving scheme Damaged status Not for loan Collection code Home library Current library Date acquired Source of acquisition Cost, normal purchase price Total Checkouts Full call number Barcode Date last seen Copy number Cost, replacement price Koha item type
    Dewey Decimal Classification   Not For Loan Non-fiction D.B.Act.Division D.B.Act.Division 09/05/2012 DBAD/PUB 250.00   BEG EN-88767 09/05/2012 1 250.00 English Books

© Delhi Public Library
Hit Counter
free hit counter